• 首页
  • 本馆介绍
  • 公告通知
  • 最新文献
  • 馆藏检索
  • 电子资源
  • 读者导购
  • 参考咨询
  • 我的图书馆
  • 登录
  • 详细信息显示
  • 放入我的书架
  • 预约/预借图书
  • 作者相关作品
  • 分类相关作品
  • 丛书相关作品
  • 出版社相关作品

书目信息

  • 表格格式
  • 工作单格式
  • 卡片格式
题名:
近代欧洲的生活与劳作
    
 
作者: 勒纳尔 , 乌勒西 著 ;杨军 译
分册:  
出版信息: 上海   上海三联书店  2008
页数: 370页
开本: 23cm
丛书名: 上海三联人文经典书库
单 册:
中图分类: K504
科图分类:
主题词: 社会生活--欧洲--15~18世纪 , 社会生活
电子资源:
ISBN: 978-7-5426-2696-7
000 01132oam2 2200289 450
001 1235274266
005 20150117090653.12
010    @a978-7-5426-2696-7@dCNY39.00
100    @a20080109d2008 em y0chiy50 ea
101 1  @achi@beng@cfre
102    @aCN@b310000
105    @ay z 000yy
200 1  @a近代欧洲的生活与劳作@Ajin dai ou zhou de sheng huo yu lao zuo@dLife and work in modern Europe@e从15-18世纪@f(法)G. 勒纳尔,(法)G. 乌勒西著@g杨军译@zeng
210    @a上海@c上海三联书店@d2008
215    @a370页@d23cm
225 2  @a上海三联人文经典书库@v23
330    @a本书从“日常生活”角度,如食物、服装、劳动、居住环境、教育、婚姻生活以及修道士、农民、骑士和城市市民的生活等描述欧洲中世纪早中期的历史,同时也提出一些与社会史有关的问题。
461  0 @12001 @a上海三联人文经典书库
510 1  @aLife and work in modern Europe@zeng
606 0  @a社会生活@y欧洲@z15~18世纪
606 0  @a社会生活
690    @aK504@v4
701  0 @c(法)@a勒纳尔@Ale na er@4著
701  0 @c(法)@a乌勒西@Awu le xi@4著
702  0 @c(回)@a杨军@Ayang jun@c(历史,@f1967.12~)@4译
801  0 @aCN@bTSSF@c20150117
905    @a10447@dK504@eJY44
    
    近代欧洲的生活与劳作=Life and work in modern Europe:从15-18世纪/(法)G. 勒纳尔,(法)G. 乌勒西著/杨军译.-上海:上海三联书店,2008
    370页;23cm.-(上海三联人文经典书库;23)
    
    
    ISBN 978-7-5426-2696-7:CNY39.00
    本书从“日常生活”角度,如食物、服装、劳动、居住环境、教育、婚姻生活以及修道士、农民、骑士和城市市民的生活等描述欧洲中世纪早中期的历史,同时也提出一些与社会史有关的问题。
●
相关链接 在E读中查询图书 在五车中查询图书 在当当中查询图书 在豆瓣中查询图书


正题名:近代欧洲的生活与劳作     索取号:K504/JY44         预约/预借

序号 登录号 条形码 馆藏地/架位号 状态 备注
1 7832331   278323315   学院路分馆/ [索取号:K504/JY44] 在馆    
2 7851560   278515607   学院路分馆/ [索取号:K504/JY44] 在馆    
唐山师范学院图书馆 欢迎您!
大连网信软件有限公司© 版权所有